Obispados godos de Levante (Record no. 57618)

MARC details
000 -LEADER
campo de control de longitud fija 00628nam a2200181 i 4500
001 - NÚMERO DE CONTROL
campo de control 57618
003 - IDENTIFICADOR DE NÚMERO DE CONTROL
campo de control ES-MaACL
005 - FECHA Y HORA DE LA ÚLTIMA TRANSACCIÓN
campo de control 20230906163619.0
007 - CAMPO FIJO DE DESCRIPCIÓN FÍSICA--INFORMACIÓN GENERAL
campo de control de longitud fija t|
008 - DATOS DE LONGITUD FIJA--INFORMACIÓN GENERAL
campo de control de longitud fija 031017s1961 sp |||| | spa d
100 1# - ENTRADA PRINCIPAL--NOMBRE DE PERSONA
Nombre de persona Duart, Luis.
9 (RLIN) 45725
245 10 - MENCIÓN DEL TÍTULO
Título Obispados godos de Levante
Resto del título : aportación a la historia eclesiástica del Reino de Valencia /
Mención de responsabilidad, etc. Luis Duart ; prólogo de José Zahonero Vivó.
260 ## - PUBLICACIÓN, DISTRIBUCIÓN, ETC.
Lugar de publicación, distribución, etc. Madrid :
Nombre del editor, distribuidor, etc. Morata,
Fecha de publicación, distribución, etc. [1961]
300 ## - DESCRIPCIÓN FÍSICA
Extensión 150 p., 1 lám. pleg. ;
Dimensiones 21 cm.
651 #4 - PUNTO DE ACCESO ADICIONAL DE MATERIA--NOMBRE GEOGRÁFICO
Nombre geográfico Valencia (Reino)-
Subdivisión general Historia eclesiástica.
9 (RLIN) 165837
700 1# - ENTRADA AGREGADA--NOMBRE PERSONAL
Nombre de persona Zahonero Vivó, José.
9 (RLIN) 117851
852 ## - LOCALIZACIÓN
Ubicación ES-MaACL
Número de control de estantería C-20996
Holdings
Estatus retirado Estado de pérdida Estado de daño No para préstamo Biblioteca de origen Biblioteca actual Ubicación en estantería Fecha de adquisición Fuente de adquisición Total de préstamos Signatura topográfica completa Código de barras Visto por última vez Precio de reemplazo Tipo de ítem Koha
        Biblioteca del Ateneo de Madrid Biblioteca del Ateneo de Madrid Galería 17/01/2008     C-20996 1060486 23/02/2023 23/02/2023 Libro impreso